| 000 | 00000nam##2200000za#4500 |
| 001 | 9.697223 |
| 003 | CaOODSP |
| 005 | 20220125145842 |
| 007 | cr ||||||||||| |
| 008 | 150407|1995||||xxc|||||o f|0| 0 eng|d |
| 040 | |aCaOODSP|beng |
| 043 | |an-cn--- |
| 086 | 1 |aD61-30/1965E-PDF |
| 110 | 1 |aCanada. |bDepartment of National Defence. |
| 245 | 12|aA history of Canadian Naval Aviation 1918-1962 / |h[electronic resource]|cby J. D. F. Kealy and E. C. Russell, The Naval Historical Section, Canadian Forces Headquarters. |
| 260 | |aOttawa - Ontario : |bNational Defence |c1965. |
| 300 | |a169p.|bfigs., graphs, references, photographs |
| 504 | |aBibliography. |
| 590 | |a13-03-Supp|b2013-02-11 |
| 690 | 07|aMilitary aviation|2gcpds |
| 690 | 07|aMilitary history|2gcpds |
| 856 | 40|ahttp://publications.gc.ca|qPDF|s18.24 MB|uhttps://publications.gc.ca/collections/collection_2013/dn-nd/D61-30-1965-eng.pdf |